Normal view
MARC view
Entry Topical Term
001 - CONTROL NUMBER
- control field: 53674
003 - CONTROL NUMBER IDENTIFIER
- control field: dpl
005 - DATE AND TIME OF LATEST TRANSACTION
- control field: 20121121103130.0
008 - FIXED-LENGTH DATA ELEMENTS
- fixed length control field: 121121|||a|||||| | ||| d
040 ## - CATALOGING SOURCE
- Original cataloging agency: dpl
- Transcribing agency: dpl
150 ## - HEADING--TOPICAL TERM
- Topical term or geographic name as entry element: Signal theory (Telecommunication)
670 ## - SOURCE DATA FOUND
- Source citation: Work cat.: (dpl)0: Peebles, Peyton Z. 53671, Problems and solutions in probability random variables and random signal principles /, 2013
670 ## - SOURCE DATA FOUND
- Source citation: Work cat.: (dpl)0: Peebles, Peyton Z. 53671, Problems and solutions in probability random variables and random signal principles /, 2013
